000 00327cam a2200109 4500
008 100726n 000 0 eng u
035 _a(Sirsi) a170660
050 _aHC 60 SCI
245 _aIndustrial Development:Science, Technology and Development
260 _aWashington D.C:
_bGoernment printing office,
_c
300 _a190p.
999 _c115291
_d115291